| 000 | 02487nam a2200277 4500 | ||
|---|---|---|---|
| 001 | ESSALUD | ||
| 005 | 20260701102403.0 | ||
| 007 | ta | ||
| 008 | t pe ||||| |||| 00| 0 spa d | ||
| 040 | _aBMG | ||
| 041 | _aspa | ||
| 100 |
_aPimentel Espinoza, Marco Antonio _eAutor _952990 |
||
| 245 |
_aLa nulidad de la garantía sábana _bUna cuestión de orden público en el contrato financiero |
||
| 246 |
_aThe nullity of the dragnet clause _bA matter of public policy in financial contracts |
||
| 300 | _apáginas 239-242 | ||
| 520 | _a¿Qué mecanismos procesales pueden emplearse para cuestionar que una empresa financiera pretenda aplicar una garantía sábana o amplia en un instrumento hipotecario? El autor refiere que en estos casos se puede solicitar la nulidad parcial de la cláusula o demandar la inexigibilidad, ineficacia o inejecutabilidad de dicha garantía. Si bien ambos mecanismos buscan evitar la aplicación abusiva de la cláusula, el autor considera que so lo la primera ofrece una solución definitiva y de raíz, en la medida en que la nulidad, al ser declarada judicialmente, retrotrae los efectos de la cláusula a cero, dotando al deudor de una sentencia firme que protege su patrimonio de cualquier interpretación futura por parte de la entidad acreedora. | ||
| 520 | _aWhat procedural mechanisms may be employed to challenge a financial institution's attempt to enforce a dragnet clause or an omnibus guarantee within a mortgage instrument? The author notes that in such cases, one may seek the partial nullity of the clause or file a claim for the unenforceability, ineffectiveness, or non-executability of said guarantee. While both mechanisms aim to prevent the abusive application of the clause, the author contends that only the farmer provides a definitive and fundamental solution. This is because a judicial declaration of nullity voids the effects of the clause ab initio, providing the debtor with a final judgment (res judicata) that shields their assets from any future interpretation by the creditor entity. | ||
| 650 |
_aGARANTÍA SÁBANA _952991 |
||
| 650 |
_aCONTRATOS HIPOTECARIOS _952992 |
||
| 650 |
_aPROTECCIÓN DEL CRÉDITO _952993 |
||
| 650 |
_aDROGNET CLAUSE _952994 |
||
| 650 |
_aCREDIT PROTECTION _952995 |
||
| 650 |
_aMORTGAGE CONTRACS _953033 |
||
| 773 | 0 |
_022573 _922620 _dLima Grupo Praxis Formación Profesional, 2026- _oPRA001 _tPraxis Civil & Procesal Civil _wESSALUD _x3119-7671 |
|
| 942 |
_cARTICULOS _e2026-06-30 _zsqb |
||
| 999 |
_c22584 _d22584 |
||